LEADER 01394nas 2200445-a 450 001 996204961103316 005 20230224213018.0 011 $a1540-9511 035 $a(DE-599)ZDB2091299-7 035 $a(OCoLC)50208694 035 $a(CKB)110978966556034 035 $a(CONSER)--2002214520 035 $a(EXLCZ)99110978966556034 100 $a20020722b19782014 s-- a 101 0 $aeng 135 $aurcnu|||||||| 181 $ctxt$2rdacontent 182 $cc$2rdamedia 183 $acr$2rdacarrier 200 10$aLibrary & archival security 210 $aBinghamton, N.Y. $cHaworth Press 300 $aRefereed/Peer-reviewed 311 $a0196-0075 517 3 $aLibrary and archival security 531 $aLIBRARY AND ARCHIVAL SECURITY 531 $aLIBR ARCH SECUR 606 $aLibraries$xSecurity measures$vPeriodicals 606 $aArchives$xSecurity measures$vPeriodicals 606 $aArchives$xSecurity measures$2fast$3(OCoLC)fst00814084 606 $aLibraries$xSecurity measures$2fast$3(OCoLC)fst00997437 608 $aPeriodicals.$2fast 615 0$aLibraries$xSecurity measures 615 0$aArchives$xSecurity measures 615 7$aArchives$xSecurity measures. 615 7$aLibraries$xSecurity measures. 676 $a025.82 906 $aJOURNAL 912 $a996204961103316 996 $aLibrary & archival security$92577838 997 $aUNISA LEADER 01222nam a2200313 i 4500 001 991000938329707536 005 20020507180209.0 008 950202s1983 it ||| | ita 035 $ab10778342-39ule_inst 035 $aLE01304581$9ExL 040 $aDip.to Matematica$beng 082 0 $a516 084 $aAMS 51-01 084 $aAMS 51-XX 100 1 $aAccascina, Giuseppe$0432276 245 10$aGeometria /$cGiuseppe Accascina, Vinicio Villani 260 $aPisa :$bETS (Editrice Tecnico Scientifica),$cc1983 300 $a366 p. ;$c24 cm 490 0 $aMateriali didattici ETS ;$v28 490 0 $aScienze matematiche, fisiche e naturali ;$v15 650 0$aGeometry$xTextbooks 700 1 $aVillani, Vinicio$eauthor$4http://id.loc.gov/vocabulary/relators/aut$0101210 907 $a.b10778342$b28-03-17$c28-06-02 912 $a991000938329707536 945 $aLE013 51-XX ACC11 C.1 (1983)$g1$i2013000017839$lle013$o-$pE0.00$q-$rl$s- $t0$u14$v0$w14$x0$y.i10877654$z28-06-02 945 $aLE013 51-XX ACC11 C.2 (1983)$g2$i2013000020365$lle013$o-$pE0.00$q-$rn$s- $t1$u4$v0$w4$x0$y.i10877666$z28-06-02 996 $aGeometria$933886 997 $aUNISALENTO 998 $ale013$b02-02-95$cm$da $e-$fita$git $h0$i2